| 000 | 00536pab a2200169 454500 | ||
|---|---|---|---|
| 008 | 180718b2002 xxu||||| |||| 00| 0 eng d | ||
| 100 | _aDelmas, Magali A. | ||
| 245 | _aThe diffusion of environmental management standards in Europe and the United States: an institutional perspective | ||
| 260 | _c2002 | ||
| 300 | _ap.91-119. | ||
| 362 | _aMar | ||
| 650 | _aEnvironmental policy - Europe | ||
| 650 | _aEnvironmental management - United States | ||
| 650 | _aEnvironmental management | ||
| 773 | _aPolicy Sciences | ||
| 909 | _a53607 | ||
| 999 |
_c53607 _d53607 |
||